000 00698nam a2200217 4500
001 117618
003 ES-MaACL
005 20250407063112.0
007 t|
008 070214s1980 sp r ||||1| cat d
100 1 _aPedrolo, Manuel de,
_d1918-1991
_989937
245 1 0 _aDarrera versió, per ara /
_cManuel de Pedrolo ; próleg de Xavier Fábregas.
250 _a[2ª ed.].
260 _aBarcelona :
_bEdicions 62,
_c1980.
300 _a92 p. ;
_c18 cm.
490 1 _aEls llibres de l'escorpi. Teatre ;
_v8
700 1 _aFàbregas, Xavier.
_948556
830 0 _aEls llibres de l'escorpi. Teatre ;
_v8
_9186403
852 _aES-MaACL
_jA-10946
_bR.100543
999 _c117618
_d117618